Extending the Doctors Draft Act and special pay for doctors.

Bibliographic Details
Corporate Authors: United States. Congress. House. Committee on Armed Services, ProQuest (Firm)
Format: eBook
Language:English
Published: Washington : [publisher not identified], 1955.
Series:United States congressional serial set.
Subjects:
Online Access:Connect to the full text of this electronic book

MARC

Tag First Indicator Second Indicator Subfields
LEADER 00000cam a22000001a 4500
001 in00003146321
005 20190403185827.0
006 m o d
007 cr un mmmapmmp
008 080430s1955 dcu o f000 0 eng d
035 |a cis2004248972 
040 |a UMI  |c UMI  |d UtOrBLW 
043 |a n-us--- 
099 |a ProQuest Serial Set Number 11822 H.rp.580 
110 1 |a United States.  |b Congress.  |b House.  |b Committee on Armed Services. 
245 1 0 |a Extending the Doctors Draft Act and special pay for doctors. 
246 1 |a Extending Doctor's draft act and providing special pay for physicians, dentists, and veterinarians, etc 
264 1 |a Washington :  |b [publisher not identified],  |c 1955. 
300 |a 1 online resource. 
336 |a text  |b txt  |2 rdacontent 
337 |a computer  |b c  |2 rdamedia 
338 |a online resource  |b cr  |2 rdacarrier 
490 0 |a H.rp.580 
500 |a Record is based on bibliographic data in ProQuest U.S. Serial Set Digital Collection (last viewed Apr. 2008). Reuse except for individual research requires license from ProQuest, LLC. 
510 3 |a ProQuest U.S. Serial Set Digital Collection 
500 |a Electronic resource. 
650 0 |a Draft. 
650 0 |a Dentists. 
651 0 |a United States  |x Officials and employees  |x Salaries, etc. 
655 7 |a Electronic books.  |2 local 
710 2 |a ProQuest (Firm) 
830 0 |a United States congressional serial set. 
856 4 0 |u http://proxy.library.tamu.edu/login?url=http://congressional.proquest.com/congcomp/getdoc?SERIAL-SET-ID=11822+H.rp.580  |z Connect to the full text of this electronic book  |t 0 
999 |a MARS 
999 f f |s 7d62ff4a-3a56-37dc-8241-f439482d7f16  |i a81eba9b-b1c7-3929-a462-9aca0270f0c3  |t 0 
952 f f |a Texas A&M University  |b College Station  |c Electronic Resources  |d Available Online  |t 0  |e ProQuest Serial Set Number 11822 H.rp.580  |h Other scheme 
998 f f |a ProQuest Serial Set Number 11822 H.rp.580  |t 0  |l Available Online